| 000 | 00578nam a2200205 a 4500 | ||
|---|---|---|---|
| 008 | 951123s1983||||[C 0 slo c | ||
| 020 |
_c10 Kčs. _q(20000 výtl.) |
||
| 040 |
_aSNK _bslo _cSNK _eAACR2 |
||
| 041 | 1 |
_aslo _hslo |
|
| 044 |
_axo _cSK |
||
| 080 | _a616.89 | ||
| 100 | 1 |
_aLászlová, Karin _4aut |
|
| 245 | 1 | 0 |
_aStroskotanci života _cKarin Lászlová ; Miroslav Halama |
| 250 | _a2., vyd. | ||
| 260 |
_aMartin _bOsveta _c1983 _eMartin _fTlačiarne SNP |
||
| 300 |
_a200 s., 8,57 AH _c20 cm |
||
| 500 | _aPozn. aut. | ||
| 700 | 1 |
_aHalama, Miroslav _4bkd |
|
| 958 | _aA | ||
| 999 |
_c11973 _d11973 |
||